Finanzas corporativas

Enregistré dans:
Détails bibliographiques
Auteurs principaux: Ross, Stephen A (Auteur), Westerfield, Randolph W (Auteur), Jaffe, Jeffrey F (Auteur)
Format: Livre
Langue:espagnol
Publié: Ciudad de México McGraw-Hill Interamericana 2009
Édition:8a. ed
Sujets:
Tags: Ajouter un tag
Pas de tags, Soyez le premier à ajouter un tag!

MARC

LEADER 00000nam a2200000 a 4500
001 UCH9919
003 CL-VaPUC
008 100304e20090000MX |||||||||||||||||spa|d
020 |a 9789701072806 
082 0 4 |a 658.151  |b ROS  |2 21 
100 0 |a Ross, Stephen A  |e author  |9 547207 
700 0 |a Westerfield, Randolph W  |e author  |9 547208 
700 0 |a Jaffe, Jeffrey F  |e author  |9 547209 
245 1 0 |a Finanzas corporativas 
250 |a 8a. ed 
300 |a 884 p 
942 |c BK 
945 |d 20100304 00:00:00  |a cmena 
260 |a Ciudad de México  |b McGraw-Hill Interamericana  |c 2009 
650 0 |a Administración financiera  |9 261146 
650 0 |a Análisis financiero  |9 264523 
650 7 |a ESTADOS FINANCIEROS  |2 CL-VaPUC  |9 547210 
650 0 |a Inversiones  |9 261520 
650 0 |a Empresas   |9 255569 
650 0 |a Capital   |9 263726 
650 0 |a Riesgos   |9 430723 
583 |a last modification  |c 20130827 09:57:57  |k Rodrigo Vera 
999 |c 339744  |d 339742 
952 |0 0  |1 0  |4 0  |6 658_151000000000000_ROS_2009  |7 0  |8 R  |9 433555  |a BIBGIM  |b BIBGIM  |d 2019-11-22  |i 4649001  |l 15  |m 2  |o 658.151 ROS 2009  |p 4649001  |q 2025-07-31  |r 2025-01-20  |s 2025-01-20  |w 2019-11-22  |y BK_R  |k COM